[Event "Ruhrgebiet Verbandsklasse Gruppe 1 1516"]
[Site "Germany"]
[Date "2016.01.24"]
[Round "6.7"]
[White "Blokisch, Till"]
[Black "Kalus, Andreas"]
[Result "1/2-1/2"]
[WhiteElo "1882"]
[BlackElo "1695"]
[PlyCount "119"]
[EventDate "2015.09.06"]
[EventType "team-tourn"]
[EventRounds "9"]
[EventCountry "GER"]
[SourceTitle "EXT 2022"]
[Source "ChessBase"]
[SourceDate "2021.10.06"]
[SourceVersion "1"]
[SourceVersionDate "2021.10.06"]
[SourceQuality "1"]
[WhiteTeam "Brackel SF III"]
[BlackTeam "Bottrop SV II"]
[WhiteTeamCountry "GER"]
[BlackTeamCountry "GER"]

1. e4 e5 2. Nf3 Nc6 3. Bc4 Bc5 4. b4 Bxb4 5. c3 Be7 6. d4 Na5 7. Bd3 exd4 8. cxd4 Nf6 9. Nc3 c6 10. 0-0 0-0 11. Bf4 d5 12. e5 Nh5 13. Bc1 f5 14. a4 a6 15. Ba3 Bxa3 16. Rxa3 Nf4 17. Bc2 Nc4 18. Ra1 Be6 19. h4 h6 20. g3 Ng6 21. h5 Ne7 22. Ne2 g5 23. hxg6 Nxg6 24. Kh1 Qe8 25. Rg1 Kf7 26. Qb1 Qd7 27. g4 Ne7 28. gxf5 Bxf5 29. Nf4 Bxc2 30. e6+ Qxe6 31. Qxc2 Qf5 32. Qxf5+ Nxf5 33. Rae1 Rae8 34. Rb1 b5 35. Nd3 Re4 36. Nfe5+ Nxe5 37. Nxe5+ Ke8 38. Nxc6 Nxd4 39. Nxd4 Rxd4 40. axb5 Rxf2 41. Rg2 Rxg2 42. Kxg2 axb5 43. Rxb5 Kf7 44. Rb6 Kg7 45. Kf3 Rd1 46. Rd6 h5 47. Ke2 Rd4 48. Ke3 Re4+ 49. Kf3 Re5 50. Kf4 Re4+ 51. Kf5 Rd4 52. Rd7+ Kf8 53. Ke5 Rh4 54. Rxd5 Rh1 55. Kf6 Ke8 56. Kg5 h4 57. Kg4 h3 58. Kg3 h2 59. Kg2 Re1 60. Kxh2 1/2-1/2

[Event "Ruhrgebiet Verbandsklasse Gruppe 1 1516"]
[Site "Germany"]
[Date "2015.12.20"]
[Round "5.7"]
[White "Kalus, Andreas"]
[Black "Sharma, Rakesh"]
[Result "0-1"]
[WhiteElo "1695"]
[BlackElo "1793"]
[PlyCount "82"]
[EventDate "2015.09.06"]
[EventType "team-tourn"]
[EventRounds "9"]
[EventCountry "GER"]
[SourceTitle "EXT 2022"]
[Source "ChessBase"]
[SourceDate "2021.10.06"]
[SourceVersion "1"]
[SourceVersionDate "2021.10.06"]
[SourceQuality "1"]
[WhiteTeam "Bottrop SV II"]
[BlackTeam "Welper SV II"]
[WhiteTeamCountry "GER"]
[BlackTeamCountry "GER"]

1. e4 c5 2. Nf3 Nc6 3. d4 cxd4 4. Nxd4 g6 5. Nc3 Bg7 6. Be3 Nf6 7. Bc4 0-0 8. f3 Qb6 9. Qd2 Nxe4 10. Nxe4 Nxd4 11. c3 Nc2+ 12. Qxc2 Qxe3+ 13. Qe2 Qxe2+ 14. Bxe2 d5 15. Nc5 b6 16. Nb3 Bb7 17. 0-0-0 e5 18. h4 a5 19. h5 a4 20. Nd2 a3 21. b3 Rfc8 22. Nb1 d4 23. hxg6 hxg6 24. Kd2 Bf6 25. cxd4 Bg5+ 26. Ke1 exd4 27. Bc4 Be3 28. Bxf7+ Kxf7 29. Rh7+ Kf6 30. Rxb7 Rc2 31. Rxb6+ Kf5 32. Nd2 Rh8 33. Ke2 Rh2 34. Kd3 Rc3+ 35. Ke2 Rxg2+ 36. Ke1 Rd3 37. Nf1 Bf2+ 38. Ke2 Rc3 39. Rb5+ Kf4 40. Nd2 Be3+ 41. Ke1 Rc2 0-1

[Event "Ruhrgebiet VK2 1213"]
[Site "Nordrheinwestfalen"]
[Date "2013.04.28"]
[Round "9"]
[White "Kalus, Andreas"]
[Black "Muehlinghaus, Bernd"]
[Result "1/2-1/2"]
[WhiteElo "1695"]
[BlackElo "1728"]
[PlyCount "87"]
[EventDate "2012.09.02"]
[EventType "team-tourn"]
[EventRounds "9"]
[EventCountry "GER"]
[SourceTitle "EXT 2020"]
[Source "ChessBase"]
[SourceDate "2019.10.17"]
[SourceVersion "1"]
[SourceVersionDate "2019.10.17"]
[SourceQuality "1"]
[WhiteTeam "Bottrop SV II"]
[BlackTeam "Annen Sport Union"]
[WhiteTeamCountry "GER"]
[BlackTeamCountry "GER"]

1. e4 e5 2. Nf3 Nc6 3. Bc4 Be7 4. Nc3 Nf6 5. d3 d6 6. h3 h6 7. a3 0-0 8. Be3 Na5 9. Ba2 b6 10. b4 Nb7 11. Nd5 Nxd5 12. Bxd5 Rb8 13. c4 Qd7 14. b5 Na5 15. Qa4 Bb7 16. Bxb7 Nxb7 17. Qxa7 Na5 18. Bxb6 Nb7 19. Be3 Rfc8 20. 0-0 Nd8 21. Qa5 Ra8 22. Qc3 f5 23. exf5 Qxf5 24. a4 Bf6 25. d4 e4 26. Nd2 Ne6 27. f3 exf3 28. Nxf3 Nf4 29. Bxf4 Qxf4 30. Ra2 Re8 31. Ne5 Qg5 32. Ng4 Be7 33. c5 dxc5 34. Qc4+ Kh8 35. Ne5 Qe3+ 36. Kh1 Bd6 37. Nf7+ Kh7 38. Qc2+ Kg8 39. dxc5 Bxc5 40. Qg6 Re7 41. Raf2 Re6 42. Qc2 Re4 43. Rf3 Qd4 44. Rd3 1/2-1/2

[Event "Ruhrgebiet VK2 1213"]
[Site "Nordrheinwestfalen"]
[Date "2013.01.13"]
[Round "5"]
[White "Kalus, Andreas"]
[Black "Mittelbachert, Ulrich"]
[Result "1/2-1/2"]
[WhiteElo "1695"]
[BlackElo "1851"]
[PlyCount "54"]
[EventDate "2012.09.02"]
[EventType "team-tourn"]
[EventRounds "9"]
[EventCountry "GER"]
[SourceTitle "EXT 2020"]
[Source "ChessBase"]
[SourceDate "2019.10.17"]
[SourceVersion "1"]
[SourceVersionDate "2019.10.17"]
[SourceQuality "1"]
[WhiteTeam "Bottrop SV II"]
[BlackTeam "Castrop Rauxel II"]
[WhiteTeamCountry "GER"]
[BlackTeamCountry "GER"]

1. e4 c6 2. d4 d5 3. e5 Bf5 4. Bd3 Bxd3 5. Qxd3 e6 6. f4 Nh6 7. Nf3 Qa5+ 8. Bd2 Qa6 9. Qxa6 Nxa6 10. c3 c5 11. a4 Be7 12. Na3 Nf5 13. g4 Nh4 14. Nxh4 Bxh4+ 15. Ke2 Be7 16. Nb5 h5 17. h3 Kd7 18. f5 Nc7 19. Nxc7 Kxc7 20. Raf1 Raf8 21. f6 gxf6 22. exf6 Bd6 23. Bf4 b6 24. Bxd6+ Kxd6 25. g5 Rfg8 26. h4 Rc8 27. Rc1 e5 1/2-1/2